Statistics for European Countries With Cities Over 1 Million People

Click here to take the quiz!

General Stats

  • This quiz has been taken 156 times
  • The average score is 15 of 17

Answer Stats

Biggest CityCountry% Correct
2,241,346France
99%
3,165,235Spain
99%
8,673,713United Kingdom
99%
12,330,126Russia
98%
3,562,162Germany
97%
2,874,038Italy
96%
1,748,916Poland
93%
14,657,434Turkey
93%
2,909,491Ukraine
92%
1,754,000Hungary
88%
1,840,573Austria
86%
1,924,425Romania
86%
1,166,763Serbia
83%
1,171,828Belgium
81%
1,260,120Bulgaria
79%
1,259,079Czech Republic
79%
1,949,400Belarus
76%

Score Distribution

Percentile by Number Answered

Percent of People with Each Score

Your Score History

You have not taken this quiz